<?xml version="1.0" encoding="UTF-8"?>
<record
    xmlns:xsi="http://www.w3.org/2001/XMLSchema-instance"
    xsi:schemaLocation="http://www.loc.gov/MARC21/slim http://www.loc.gov/standards/marcxml/schema/MARC21slim.xsd"
    xmlns="http://www.loc.gov/MARC21/slim">

  <leader>01874nas a2200493 i 4500</leader>
  <controlfield tag="001">193439</controlfield>
  <controlfield tag="003">SpMaBN</controlfield>
  <controlfield tag="005">20250804062804.0</controlfield>
  <controlfield tag="007">ta</controlfield>
  <controlfield tag="008">930917c1978201usp br p       0uuub0spa  </controlfield>
  <datafield tag="010" ind1=" " ind2=" ">
    <subfield code="a">c</subfield>
    <subfield code="b">2</subfield>
  </datafield>
  <datafield tag="016" ind1="7" ind2=" ">
    <subfield code="a">biseBNE19940049171</subfield>
    <subfield code="2">SpMaBN</subfield>
    <subfield code="z">RECBI006599</subfield>
  </datafield>
  <datafield tag="017" ind1=" " ind2=" ">
    <subfield code="a">O 343-1978</subfield>
    <subfield code="b">Oficina Dep&#xF3;sito Legal Asturias</subfield>
  </datafield>
  <datafield tag="022" ind1="0" ind2=" ">
    <subfield code="a">0210-0088</subfield>
    <subfield code="2">_u</subfield>
  </datafield>
  <datafield tag="035" ind1=" " ind2=" ">
    <subfield code="a">00006599</subfield>
  </datafield>
  <datafield tag="035" ind1=" " ind2=" ">
    <subfield code="a">bise0000159435</subfield>
  </datafield>
  <datafield tag="035" ind1=" " ind2=" ">
    <subfield code="a">(OCoLC)436529784</subfield>
  </datafield>
  <datafield tag="037" ind1=" " ind2=" ">
    <subfield code="b">Avda. de Galicia 21, 35005; tf. 985 245857, fax: 985 245649; c.e.: pedidos@fgbueno.es</subfield>
  </datafield>
  <datafield tag="040" ind1=" " ind2=" ">
    <subfield code="a">SpMaBN</subfield>
    <subfield code="b">spa</subfield>
    <subfield code="c">SIC</subfield>
  </datafield>
  <datafield tag="080" ind1=" " ind2=" ">
    <subfield code="a">1</subfield>
  </datafield>
  <datafield tag="130" ind1="3" ind2=" ">
    <subfield code="a">El Basilisco (Oviedo)</subfield>
    <subfield code="9">234631</subfield>
  </datafield>
  <datafield tag="210" ind1="0" ind2=" ">
    <subfield code="a">Basilisco</subfield>
  </datafield>
  <datafield tag="222" ind1=" " ind2="3">
    <subfield code="a">El Basilisco</subfield>
  </datafield>
  <datafield tag="245" ind1="1" ind2="3">
    <subfield code="a">El Basilisco :</subfield>
    <subfield code="b">revista de filosof&#xED;a, ciencias humanas, teor&#xED;a de la ciencia y de la cultura</subfield>
  </datafield>
  <datafield tag="260" ind1=" " ind2=" ">
    <subfield code="a">Oviedo :</subfield>
    <subfield code="b">Pentalfa Ediciones,</subfield>
    <subfield code="c">1978-</subfield>
  </datafield>
  <datafield tag="260" ind1="3" ind2=" ">
    <subfield code="a">Oviedo :</subfield>
    <subfield code="b">Fundaci&#xF3;n Gustavo Bueno.</subfield>
    <subfield code="c">1998-</subfield>
  </datafield>
  <datafield tag="300" ind1=" " ind2=" ">
    <subfield code="a">5 v. ; </subfield>
    <subfield code="c">30 cm.</subfield>
  </datafield>
  <datafield tag="310" ind1=" " ind2=" ">
    <subfield code="a">Bimestral</subfield>
  </datafield>
  <datafield tag="336" ind1=" " ind2=" ">
    <subfield code="a">Texto (visual)</subfield>
    <subfield code="2">isbdcontent</subfield>
  </datafield>
  <datafield tag="337" ind1=" " ind2=" ">
    <subfield code="a">sin mediaci&#xF3;n</subfield>
    <subfield code="2">isbdmedia</subfield>
  </datafield>
  <datafield tag="362" ind1="0" ind2=" ">
    <subfield code="a">1978-</subfield>
  </datafield>
  <datafield tag="530" ind1=" " ind2=" ">
    <subfield code="a">Disponible tambi&#xE9;n en formato digital.</subfield>
  </datafield>
  <datafield tag="594" ind1=" " ind2=" ">
    <subfield code="a">Desde 2008 El Basilisco se subtitula revista de materialismo filos&#xF3;fico. </subfield>
  </datafield>
  <datafield tag="650" ind1=" " ind2="7">
    <subfield code="a">Filosof&#xED;a</subfield>
    <subfield code="2">embne</subfield>
    <subfield code="9">12802</subfield>
  </datafield>
  <datafield tag="655" ind1=" " ind2="7">
    <subfield code="9">226866</subfield>
    <subfield code="a">Revistas</subfield>
  </datafield>
  <datafield tag="710" ind1="2" ind2=" ">
    <subfield code="a">Fundaci&#xF3;n Gustavo Bueno</subfield>
    <subfield code="9">4316</subfield>
  </datafield>
  <datafield tag="776" ind1="0" ind2="8">
    <subfield code="i">Versi&#xF3;n en l&#xED;nea</subfield>
    <subfield code="t">Basilisco (Internet) =</subfield>
    <subfield code="x">ISSN 2531-2944</subfield>
    <subfield code="w">193438</subfield>
    <subfield code="0">193438</subfield>
  </datafield>
  <datafield tag="852" ind1=" " ind2=" ">
    <subfield code="a">ES-MaACL</subfield>
    <subfield code="j">Hem-2037</subfield>
    <subfield code="c">HEM</subfield>
    <subfield code="9">2854</subfield>
    <subfield code="z">Expurgado marzo 2025: posterior 1958; sin encuadernar; en acceso abierto</subfield>
  </datafield>
  <datafield tag="856" ind1="4" ind2=" ">
    <subfield code="u">https://dialnet.unirioja.es/servlet/revista?codigo=460</subfield>
    <subfield code="y">Sumarios de la revista en Dialnet</subfield>
  </datafield>
  <datafield tag="866" ind1=" " ind2="0">
    <subfield code="o">1981-1982,1990-1991,1999-2011.</subfield>
  </datafield>
  <datafield tag="942" ind1=" " ind2=" ">
    <subfield code="2">udc</subfield>
    <subfield code="n">0</subfield>
    <subfield code="c">PERIODICA</subfield>
  </datafield>
  <datafield tag="955" ind1=" " ind2=" ">
    <subfield code="b">CRON CRON</subfield>
  </datafield>
  <datafield tag="999" ind1=" " ind2=" ">
    <subfield code="c">193439</subfield>
    <subfield code="d">193439</subfield>
  </datafield>
</record>
